00488nam a22001817a 450000500170000001000150001702000270003203500140005903700090007308200120008210000190009424500550011325000060016826000350017427000550020930000200026450000220028420241205172836.0 aENG-142866 c1500.00a9789392595035 aEN-126398 bDBAD a709.011 aSharma, Lalita aPrehistoric Rock Art of India /cby Lalita Sharma a1 aNew DelhibRishabh Booksc2022 a4575/15,,Ansari Road,Daryaganj,bNew Delhie110002 a288p.c23cm(Hb) aIt includes index